[Event "First Saturday 2010 julius FM-B"]
[Site "Budapest"]
[Date "2010.07.03"]
[Round "1.1"]
[White "Toth, Antal"]
[Black "Hegedus, Peter dr"]
[Result "1/2-1/2"]
[WhiteElo "1694"]
[BlackElo "1863"]
[PlyCount "94"]
[EventDate "2010.07.03"]

1. e4 e6 2. d3 d5 3. Nd2 Nf6 4. e5 Nfd7 5. f4 c5 6. Ngf3 Nc6 7. c3 b5 8. a3 Bb7
9. g3 Be7 10. Bg2 O-O 11. O-O Qb6 12. Kh1 a5 13. b3 Rfd8 14. Re1 a4 15. b4 cxb4
16. cxb4 Nf8 17. Bb2 Rac8 18. Rc1 Rd7 19. Qe2 Rdc7 20. d4 f6 21. Nb1 fxe5 22.
fxe5 Nd8 23. Rxc7 Rxc7 24. Nc3 Bc6 25. Rc1 Bd7 26. Bf1 Rb7 27. Kg2 Nf7 28. h4
Nh6 29. Qd3 Nf5 30. Ne2 Rc7 31. Rxc7 Qxc7 32. Qc3 Qxc3 33. Nxc3 Ne3+ 34. Kf2
Nxf1 35. Kxf1 Kf7 36. Kf2 Kg6 37. g4 h5 38. Kg3 Be8 39. Ne2 hxg4 40. Kxg4 Nd7
41. Nf4+ Kf7 42. Ng5+ Bxg5 43. Kxg5 Nb6 44. Bc1 Nc4 45. h5 Ke7 46. Ng6+ Bxg6
47. Kxg6 Kf8 1/2-1/2

[Event "First Saturday 2010 julius FM-B"]
[Site "Budapest"]
[Date "2010.07.03"]
[Round "1.1"]
[White "Benyeda, Tibor"]
[Black "Solti, Gergely"]
[Result "0-1"]
[WhiteElo "1642"]
[BlackElo "1818"]
[PlyCount "89"]
[EventDate "2010.07.03"]

1. Nf3 Nf6 2. c4 g6 3. Nc3 d5 4. cxd5 Nxd5 5. e4 Nxc3 6. dxc3 Qxd1+ 7. Kxd1 Bg7
8. Bf4 c6 9. Kc2 O-O 10. Rd1 Nd7 11. Bd3 Nc5 12. Be5 Bg4 13. Bxg7 Kxg7 14. h3
Bxf3 15. gxf3 e5 16. h4 h5 17. Rhg1 Rad8 18. Rg5 f6 19. Rg3 b5 20. Be2 Ne6 21.
Rd2 Rxd2+ 22. Kxd2 Rd8+ 23. Ke3 Nf4 24. Rg1 Kh6 25. b4 g5 26. hxg5+ fxg5 27. a3
h4 28. c4 h3 29. Bf1 Kh5 30. cxb5 cxb5 31. Rh1 Rd1 32. Rxh3+ Nxh3 33. Bxh3 Ra1
34. Bd7 Rxa3+ 35. Ke2 Rb3 36. Bxb5 Rxb4 37. Be8+ Kh4 38. Bd7 a5 39. Be6 a4 40.
Kd2 a3 41. Kd3 Rb2 42. Kc3 Rxf2 43. Bb3 a2 44. Bxa2 Rxa2 45. Kc4 0-1

[Event "First Saturday 2010 julius FM-B"]
[Site "Budapest"]
[Date "2010.07.04"]
[Round "1.2"]
[White "Hegedus, Peter dr"]
[Black "Solti, Gergely"]
[Result "0-1"]
[WhiteElo "1863"]
[BlackElo "1818"]
[PlyCount "86"]
[EventDate "2010.07.03"]

1. e4 d5 2. exd5 Nf6 3. c4 c6 4. Nc3 cxd5 5. cxd5 Nxd5 6. Bc4 Nb6 7. Bb3 Nc6 8.
Nge2 g6 9. d4 Bg7 10. Be3 O-O 11. O-O Bg4 12. Qd2 Na5 13. Bc2 Nac4 14. Qc1 Nxe3
15. fxe3 Bxe2 16. Nxe2 Rc8 17. Nc3 Bh6 18. Bb3 e6 19. Qe1 Nc4 20. Bxc4 Rxc4 21.
Rf3 Qb6 22. b3 Rc6 23. Ne4 f5 24. Nc5 Qc7 25. Rh3 Bg5 26. Rg3 Bf6 27. Rf3 Rxc5
28. dxc5 Bxa1 29. Qxa1 Qxc5 30. Qd1 Qa5 31. Rf2 Rd8 32. Qc1 Qd5 33. Qc7 Rd7 34.
Qc8+ Kg7 35. e4 Qd1+ 36. Rf1 Qd4+ 37. Rf2 f4 38. Qe8 e5 39. Qe6 Rc7 40. h3 Rc1+
41. Kh2 Qxf2 42. Qe7+ Kh6 43. Qf8+ Kh5 0-1

[Event "First Saturday 2010 julius FM-B"]
[Site "Budapest"]
[Date "2010.07.04"]
[Round "1.2"]
[White "Toth, Antal"]
[Black "Hetesi, Zoltan"]
[Result "1/2-1/2"]
[WhiteElo "1694"]
[BlackElo "1543"]
[PlyCount "70"]
[EventDate "2010.07.03"]

1. e4 e5 2. Nf3 d5 3. exd5 e4 4. Nd4 Qxd5 5. Nb3 Nf6 6. Nc3 Qd8 7. d3 Bb4 8.
Bd2 Bf5 9. Nxe4 Nxe4 10. Bxb4 Nd6 11. Qe2+ Be6 12. Nd4 Qd7 13. Nxe6 fxe6 14.
Qh5+ g6 15. Qh6 Nc6 16. Bc3 Nf5 17. Qg5 Ncd4 18. O-O-O O-O 19. Kb1 b5 20. Qd2
c5 21. Bxd4 Nxd4 22. c3 Nc6 23. Qe3 Qd6 24. Be2 b4 25. d4 bxc3 26. bxc3 Rab8+
27. Ka1 cxd4 28. cxd4 Nb4 29. Rd2 Rfc8 30. Bd3 Qc6 31. Rb2 Qc3 32. Qxe6+ Kg7
33. Qe5+ Kh6 34. Qf4+ Kg7 35. Qe5+ Kh6 1/2-1/2

[Event "First Saturday 2010 julius FM-B"]
[Site "Budapest"]
[Date "2010.07.05"]
[Round "1.3"]
[White "Hetesi, Zoltan"]
[Black "Hegedus, Peter dr"]
[Result "0-1"]
[WhiteElo "1543"]
[BlackElo "1863"]
[PlyCount "40"]
[EventDate "2010.07.03"]

1. e4 e6 2. d4 d5 3. Nc3 Nf6 4. e5 Nfd7 5. Bd3 c5 6. Bb5 Nc6 7. Bxc6 bxc6 8.
Nf3 Ba6 9. Ne2 cxd4 10. Nexd4 c5 11. Bg5 Qa5+ 12. Bd2 Qb6 13. Ne2 Be7 14. Rb1
O-O 15. O-O Rab8 16. Re1 Rfc8 17. c3 Bd3 18. Bg5 Bxb1 19. Bxe7 Qxb2 20. Ng3 Qc2
0-1

[Event "First Saturday 2010 julius FM-B"]
[Site "Budapest"]
[Date "2010.07.05"]
[Round "1.3"]
[White "Benyeda, Tibor"]
[Black "Toth, Antal"]
[Result "1-0"]
[WhiteElo "1642"]
[BlackElo "1694"]
[PlyCount "129"]
[EventDate "2010.07.03"]

1. Nf3 Nf6 2. c4 c6 3. e3 d5 4. d4 e6 5. cxd5 cxd5 6. Nc3 a6 7. Bd3 Nc6 8. a3
Bd6 9. O-O h6 10. Bd2 O-O 11. Rc1 Bd7 12. Re1 Re8 13. Na4 e5 14. dxe5 Nxe5 15.
Nxe5 Bxe5 16. Bc3 Bxa4 17. Qxa4 b5 18. Qd1 Qe7 19. Bd4 Bxd4 20. exd4 Qxe1+ 21.
Qxe1 Rxe1+ 22. Rxe1 Kf8 23. Rc1 Ra7 24. Bf5 g6 25. Bh3 Ke7 26. Bc8 Kd6 27. f3
Ng8 28. Bh3 Ne7 29. Kf2 Nc6 30. Rd1 a5 31. b3 Rc7 32. Ke3 b4 33. a4 Ne7 34. Rd3
Rc1 35. g4 Nc6 36. f4 f6 37. f5 g5 38. Kf3 Re1 39. Kg3 Re4 40. Bg2 Rf4 41. Bf3
Nxd4 42. Bd1 Ke5 43. Re3+ Re4 44. Kf2 Kf4 45. Rd3 Ke5 46. Re3 Nc6 47. Rh3 d4
48. Rxh6 d3 49. Rh8 Nd4 50. Ra8 d2 51. Rxa5+ Kf4 52. Rd5 Nxb3 53. Bxb3 Kxg4 54.
a5 Re8 55. Rxd2 Kxf5 56. Rd6 Ra8 57. a6 g4 58. Bc4 Kg5 59. Rb6 f5 60. Rxb4 Kf4
61. Rb7 Rh8 62. Kg1 g3 63. h4 Ra8 64. Bd5 Rd8 65. a7 1-0

[Event "First Saturday 2010 julius FM-B"]
[Site "Budapest"]
[Date "2010.07.06"]
[Round "1.4"]
[White "Toth, Antal"]
[Black "Solti, Gergely"]
[Result "1/2-1/2"]
[WhiteElo "1694"]
[BlackElo "1818"]
[PlyCount "134"]
[EventDate "2010.07.03"]

1. e4 c5 2. Nf3 Nc6 3. d4 cxd4 4. Nxd4 g6 5. Nc3 Bg7 6. Be3 Nf6 7. Be2 O-O 8.
O-O d6 9. f3 Bd7 10. Qd2 Ne5 11. Nb3 a6 12. Nd5 Nxd5 13. exd5 Rc8 14. c3 Qc7
15. Rfd1 Ba4 16. Kh1 Nc4 17. Bxc4 Qxc4 18. Qd3 Bxb3 19. axb3 Qxb3 20. Qb1 Rc4
21. Ra3 Qb5 22. Qa2 Rfc8 23. Rb3 Qd7 24. h3 Be5 25. Rb6 Rh4 26. Kg1 Rc7 27. Qb3
a5 28. Ra1 a4 29. Qb5 Qf5 30. Rxb7 Rxb7 31. Qxb7 Qd3 32. Bf2 Rc4 33. Qxe7 Qxd5
34. Qa7 Qd2 35. Qb6 Qf4 36. Kf1 a3 37. Be3 Qf5 38. Qb3 Qd3+ 39. Kf2 Bf6 40. Bh6
Bd4+ 41. Kg3 Be5+ 42. Kf2 Rc8 43. Rxa3 Re8 44. Ra1 Bh2 45. Qd1 Qb5 46. Qd2 Qh5
47. Qg5 Qxg5 48. Bxg5 Be5 49. Ra6 Rb8 50. Ra2 Kg7 51. f4 Bf6 52. Bxf6+ Kxf6 53.
Ke3 Re8+ 54. Kf3 h5 55. g3 Ke6 56. b4 Kd5 57. Rd2+ Kc4 58. Rxd6 Kxc3 59. b5 Kc4
60. b6 Kc5 61. Rf6 Re7 62. g4 Kd4 63. gxh5 gxh5 64. Rd6+ Kc5 65. Rf6 Rb7 66.
Rf5+ Kxb6 67. Rxh5 Kc6 1/2-1/2

[Event "First Saturday 2010 julius FM-B"]
[Site "Budapest"]
[Date "2010.07.07"]
[Round "1.5"]
[White "Benyeda, Tibor"]
[Black "Hegedus, Peter dr"]
[Result "1/2-1/2"]
[WhiteElo "1642"]
[BlackElo "1863"]
[PlyCount "75"]
[EventDate "2010.07.03"]

1. Nf3 f5 2. d3 d6 3. e4 e5 4. Nc3 c6 5. Bg5 Be7 6. Qd2 h6 7. Bxe7 Qxe7 8. g3
Na6 9. Nh4 Qf6 10. Bh3 f4 11. Bxc8 Rxc8 12. f3 Ne7 13. O-O-O g5 14. Ng2 b5 15.
gxf4 gxf4 16. d4 Qe6 17. Qf2 b4 18. d5 Qd7 19. dxc6 Rxc6 20. Nd5 Nxd5 21. Rxd5
Nc5 22. b3 Ne6 23. Rhd1 Nd4 24. Ne1 Qc8 25. R1xd4 exd4 26. Qxd4 Rh7 27. Rxd6
Rxd6 28. Qxd6 Qc3 29. Qb8+ Kf7 30. Qxa7+ Kg8 31. Qb8+ Kg7 32. Qb7+ Kg8 33. Qd5+
Rf7 34. Qa8+ Kh7 35. Nd3 Rg7 36. Kb1 Rg1+ 37. Nc1 Rxc1+ 38. Kxc1 1/2-1/2

[Event "First Saturday 2010 julius FM-B"]
[Site "Budapest"]
[Date "2010.07.07"]
[Round "1.5"]
[White "Solti, Gergely"]
[Black "Hetesi, Zoltan"]
[Result "1-0"]
[WhiteElo "1818"]
[BlackElo "1543"]
[PlyCount "25"]
[EventDate "2010.07.03"]

1. e4 e5 2. f4 d5 3. exd5 exf4 4. Nf3 Nf6 5. Bc4 Nxd5 6. O-O Be7 7. Re1 O-O 8.
Bxd5 Qxd5 9. d4 Bd6 10. Nc3 Qh5 11. h3 Nc6 12. Ne4 g5 13. Nf6+ 1-0

[Event "First Saturday 2010 julius FM-B"]
[Site "Budapest"]
[Date "2010.07.08"]
[Round "2.1"]
[White "Hegedus, Peter dr"]
[Black "Toth, Antal"]
[Result "1/2-1/2"]
[WhiteElo "1863"]
[BlackElo "1694"]
[PlyCount "118"]
[EventDate "2010.07.03"]

1. e4 c5 2. c3 d6 3. d4 cxd4 4. cxd4 Nf6 5. Nc3 e6 6. d5 e5 7. Bb5+ Bd7 8. Qe2
Bxb5 9. Qxb5+ Qd7 10. Qe2 a6 11. a4 Qg4 12. Qxg4 Nxg4 13. h3 Nf6 14. Nge2 Nbd7
15. b4 b6 16. Be3 Be7 17. O-O O-O 18. Ng3 g6 19. Rac1 Rfc8 20. Nce2 Kf8 21. Rc6
Rcb8 22. Rfc1 Ne8 23. Bh6+ Kg8 24. Nf1 g5 25. Ne3 f6 26. Nf5 Kf7 27. Neg3 a5
28. Nxe7 Kxe7 29. Nf5+ Kd8 30. b5 Rc8 31. Rxc8+ Rxc8 32. Rc6 Rxc6 33. dxc6 Nc5
34. Bf8 Nxe4 35. f3 Nc5 36. Nxd6 Nxa4 37. Nxe8 Kxe8 38. Bg7 Nc3 39. Bxf6 Nxb5
40. Bxe5 a4 41. Kf2 Na7 42. Bd4 Nc8 43. Ke3 a3 44. Kd3 b5 45. Kc2 Nd6 46. Kb3
Nc4 47. Bf6 h6 48. h4 gxh4 49. Bxh4 h5 50. Bg5 Ne5 51. c7 Kd7 52. Kxa3 Kxc7 53.
Bf4 Kd6 54. Kb4 Ke6 55. Bxe5 Kxe5 56. g3 Kd4 57. Kxb5 Ke3 58. f4 Ke4 59. Kc4 h4
1/2-1/2

[Event "First Saturday 2010 julius FM-B"]
[Site "Budapest"]
[Date "2010.07.08"]
[Round "2.1"]
[White "Solti, Gergely"]
[Black "Benyeda, Tibor"]
[Result "1-0"]
[WhiteElo "1818"]
[BlackElo "1642"]
[PlyCount "95"]
[EventDate "2010.07.03"]

1. e4 c5 2. d4 cxd4 3. c3 Nc6 4. Nf3 dxc3 5. Nxc3 e5 6. Bc4 h6 7. Qb3 Qf6 8.
Nd5 Qd6 9. Nc7+ Qxc7 10. Bxf7+ Kd8 11. Bxg8 Nb4 12. O-O Bc5 13. Bd2 Nd3 14.
Qxd3 Rxg8 15. Qd5 Re8 16. Rac1 d6 17. b4 Be6 18. Qd3 Bxf2+ 19. Rxf2 Qd7 20. Be3
Ke7 21. Rfc2 Rec8 22. a3 Rxc2 23. Qxc2 b6 24. Qc7 b5 25. Qa5 Bc4 26. Nd2 d5 27.
exd5 Qxd5 28. Nxc4 Qe4 29. Qc7+ Kf6 30. Rf1+ Kg6 31. Qxe5 Re8 32. Qxe4+ Rxe4
33. Bxa7 Rxc4 34. Bc5 Rc3 35. Ra1 Kf5 36. a4 bxa4 37. Rxa4 Rc1+ 38. Kf2 Rc2+
39. Kf3 g5 40. Ra8 g4+ 41. Kg3 Kg5 42. Be7+ Kh5 43. Ra5+ Kg6 44. Kxg4 Rxg2+ 45.
Kh3 Re2 46. Bd8 Re3+ 47. Kg2 Re8 48. Bb6 1-0

[Event "First Saturday 2010 julius FM-B"]
[Site "Budapest"]
[Date "2010.07.09"]
[Round "2.2"]
[White "Solti, Gergely"]
[Black "Hegedus, Peter dr"]
[Result "0-1"]
[WhiteElo "1818"]
[BlackElo "1863"]
[PlyCount "102"]
[EventDate "2010.07.03"]

1. e4 e6 2. d4 d5 3. Nc3 Nf6 4. Bg5 Bb4 5. e5 h6 6. Bd2 Bxc3 7. bxc3 Ne4 8. Qg4
g6 9. Bd3 Nxd2 10. Kxd2 Qe7 11. Nf3 b6 12. a4 Ba6 13. a5 Bxd3 14. Kxd3 Nc6 15.
axb6 cxb6 16. Rhb1 O-O 17. h4 Kh7 18. Nd2 Na5 19. h5 g5 20. Nb3 Nc4 21. Nd2
Rac8 22. Nxc4 Rxc4 23. f4 Rfc8 24. Rb3 a5 25. fxg5 hxg5 26. Kd2 Kh6 27. Qf3
R8c6 28. Rf1 a4 29. Qf6+ Qxf6 30. Rxf6+ Kxh5 31. Ra3 Rc7 32. Rf1 b5 33. Rb1 Rb7
34. Ra2 Kg4 35. Rab2 a3 36. Ra2 b4 37. Rxb4 Rcxb4 38. cxb4 Rxb4 39. Kd3 Ra4 40.
c3 Kg3 41. Kc2 g4 42. Kd1 Ra8 43. Ke1 Kf4 44. Kf2 Ra7 45. Ke2 g3 46. Kd3 Ra8
47. Ke2 Ke4 48. Kd2 Rh8 49. Rxa3 Rh2 50. Ke1 Rxg2 51. Kf1 Rc2 0-1

[Event "First Saturday 2010 julius FM-B"]
[Site "Budapest"]
[Date "2010.07.09"]
[Round "2.2"]
[White "Hetesi, Zoltan"]
[Black "Toth, Antal"]
[Result "1/2-1/2"]
[WhiteElo "1543"]
[BlackElo "1694"]
[PlyCount "113"]
[EventDate "2010.07.03"]

1. e4 c5 2. Nf3 d6 3. c3 e5 4. d4 cxd4 5. cxd4 exd4 6. Nxd4 a6 7. Nc3 Nf6 8.
Bc4 Nc6 9. O-O Be7 10. Be3 O-O 11. Re1 Ne5 12. Bb3 Bd7 13. f4 Nc6 14. Rc1 Rc8
15. Qd2 Ng4 16. Nd5 Nxe3 17. Rxe3 Nxd4 18. Rxc8 Bxc8 19. Qxd4 Be6 20. Rg3 g6
21. f5 Bxd5 22. Qxd5 Bh4 23. Rd3 Qb6+ 24. Qd4 Bd8 25. Qxb6 Bxb6+ 26. Kf1 Bc5
27. Ke2 Kg7 28. g4 g5 29. Kf3 Rh8 30. Bd5 b6 31. a3 a5 32. a4 h5 33. h3 hxg4+
34. Kxg4 f6 35. Bc6 Rh4+ 36. Kg3 Rf4 37. Rf3 Rh4 38. Rd3 Bb4 39. Rd1 Kf7 40.
Rc1 Bc5 41. Rd1 Ke7 42. b3 Be3 43. Rf1 Rh8 44. Bd5 Kd7 45. Re1 Bc5 46. Rd1 Rh4
47. Rf1 Be3 48. Rf3 Bc5 49. Rf1 Bb4 50. Rd1 Rf4 51. Rc1 Bc5 52. Rc2 Ke7 53. Rc3
Kf8 54. Rf3 Rh4 55. Rc3 Kg7 56. Rd3 Bb4 57. Rd1 1/2-1/2

[Event "First Saturday 2010 julius FM-B"]
[Site "Budapest"]
[Date "2010.07.10"]
[Round "2.3"]
[White "Hegedus, Peter dr"]
[Black "Hetesi, Zoltan"]
[Result "1-0"]
[WhiteElo "1863"]
[BlackElo "1543"]
[PlyCount "27"]
[EventDate "2010.07.03"]

1. e4 e5 2. Bc4 Nf6 3. d4 c6 4. dxe5 Qa5+ 5. Nc3 Qxe5 6. Nf3 Qc5 7. Qe2 Be7 8.
O-O O-O 9. e5 Ng4 10. h3 d5 11. exd6 Bxd6 12. hxg4 Bxg4 13. Ne4 Qh5 14. Nxd6
1-0

[Event "First Saturday 2010 julius FM-B"]
[Site "Budapest"]
[Date "2010.07.10"]
[Round "2.3"]
[White "Toth, Antal"]
[Black "Benyeda, Tibor"]
[Result "1/2-1/2"]
[WhiteElo "1694"]
[BlackElo "1642"]
[PlyCount "74"]
[EventDate "2010.07.03"]

1. e4 c5 2. Nf3 Nc6 3. d4 cxd4 4. Nxd4 e5 5. Nb5 d6 6. a4 Be7 7. N1c3 a6 8. Na3
Be6 9. Bc4 Nf6 10. Nd5 Nxe4 11. Nxe7 Qxe7 12. O-O O-O 13. c3 Nc5 14. b4 Ne4 15.
Bb2 Rac8 16. Bd5 Nf6 17. Bf3 e4 18. Be2 d5 19. b5 Nb8 20. Nc2 Qc7 21. Nd4 Qf4
22. g3 Qh6 23. Re1 Qg6 24. f4 Bg4 25. Kg2 Bxe2 26. Qxe2 Qg4 27. h3 Qxe2+ 28.
Rxe2 Rfe8 29. Re3 g6 30. g4 a5 31. Nb3 b6 32. Nd4 Nbd7 33. Ba3 Nc5 34. Bxc5
Rxc5 35. Ra3 Rec8 36. Kf2 Kf8 37. Ke2 Ke7 {after 23 move} 1/2-1/2

[Event "First Saturday 2010 julius FM-B"]
[Site "Budapest"]
[Date "2010.07.11"]
[Round "2.4"]
[White "Solti, Gergely"]
[Black "Toth, Antal"]
[Result "1-0"]
[WhiteElo "1818"]
[BlackElo "1694"]
[PlyCount "52"]
[EventDate "2010.07.03"]

1. e4 c5 2. d4 cxd4 3. c3 dxc3 4. Nxc3 d6 5. Nf3 Nc6 6. Bc4 e6 7. O-O Be7 8.
Qe2 Qc7 9. Rd1 Nf6 10. Bf4 O-O 11. Bg5 Na5 12. Bd3 a6 13. Rac1 Qd8 14. e5 Nd5
15. Bxe7 Nxe7 16. exd6 Ng6 17. Ne4 Nf4 18. Qe3 Nxd3 19. Qxd3 f6 20. d7 Bxd7 21.
Qxd7 Qb6 22. Qd4 Qxd4 23. Rxd4 Nc6 24. Rd7 Rab8 25. Nd6 Nb4 26. Rcc7 h5 1-0

[Event "First Saturday 2010 julius FM-B"]
[Site "Budapest"]
[Date "2010.07.11"]
[Round "2.4"]
[White "Benyeda, Tibor"]
[Black "Hetesi, Zoltan"]
[Result "0-1"]
[WhiteElo "1642"]
[BlackElo "1543"]
[PlyCount "41"]
[EventDate "2010.07.03"]

1. d4 d5 2. Nf3 Bg4 3. Ne5 Bf5 4. Nd2 e6 5. e3 Nf6 6. Ndf3 Bd6 7. c4 c6 8. c5
Bc7 9. b4 O-O 10. Bd3 Ne4 11. Bxe4 dxe4 12. Nh4 Qxh4 13. Nc4 Nd7 14. g3 Qg4 15.
Qxg4 Bxg4 16. h4 e5 17. Bb2 Rfe8 18. h5 Bf3 19. Rh2 exd4 20. Bxd4 b5 21. Nd2 {
after 46 move} 0-1

[Event "First Saturday 2010 julius FM-B"]
[Site "Budapest"]
[Date "2010.07.12"]
[Round "2.5"]
[White "Hegedus, Peter dr"]
[Black "Benyeda, Tibor"]
[Result "1-0"]
[WhiteElo "1863"]
[BlackElo "1642"]
[PlyCount "80"]
[EventDate "2010.07.03"]

1. e4 c5 2. c3 d5 3. exd5 Qxd5 4. d4 Nf6 5. Nf3 Nc6 6. Be2 cxd4 7. cxd4 e6 8.
Nc3 Qd6 9. O-O Be7 10. g3 O-O 11. Bf4 Qd8 12. Rc1 Nh5 13. Be3 Nf6 14. Bd3 Bd7
15. Ne5 Rc8 16. a3 Bd6 17. Nxd7 Qxd7 18. Ne4 Nxe4 19. Bxe4 Ne7 20. Qf3 Nc6 21.
b4 f5 22. Bb1 Ne7 23. Ba2 Ng6 24. Qe2 f4 25. Bd2 Rce8 26. Rfe1 Rf6 27. g4 f3
28. Qe4 Kh8 29. Bg5 Rff8 30. Bxe6 Qb5 31. Qd5 Qxd5 32. Bxd5 b6 33. Rxe8 Rxe8
34. Bxf3 h6 35. Be3 Nh4 36. Bb7 Re7 37. Bd5 b5 38. h3 Rc7 39. Rxc7 Bxc7 40. Be4
Kg8 {after 30 move} 1-0

[Event "First Saturday 2010 julius FM-B"]
[Site "Budapest"]
[Date "2010.07.12"]
[Round "2.5"]
[White "Hetesi, Zoltan"]
[Black "Solti, Gergely"]
[Result "0-1"]
[WhiteElo "1543"]
[BlackElo "1818"]
[PlyCount "56"]
[EventDate "2010.07.03"]

1. e4 d5 2. exd5 Nf6 3. Bc4 Nxd5 4. Nf3 Nc6 5. O-O g6 6. d4 Bg7 7. Bxd5 Qxd5 8.
Nc3 Qd8 9. Be3 O-O 10. Qd2 Bg4 11. Ng5 Nxd4 12. f3 Bf5 13. Nge4 Nc6 14. Qe1 e6
15. Rd1 Qe8 16. Bc5 Ne7 17. Qh4 f6 18. Rfe1 Rf7 19. g4 Bxe4 20. Rxe4 e5 21. Re3
b6 22. Ba3 Rd8 23. Red3 Rxd3 24. Rxd3 Nc6 25. Qe1 Rd7 26. Nd5 Qd8 27. c4 Nd4
28. Qc3 Ne2+ 0-1